|
|
|
|
| LEADER |
00000nam a22000007a 4500 |
| 005 |
20160224134242.0 |
| 007 |
cr|||| ||u| |
| 008 |
160224s2013 bl ||||| |||| 00||0 por d |
| 020 |
|
|
|a 978-85-8183-008-7
|
| 035 |
|
|
|a 13112
|
| 040 |
|
|
|a vLex
|
| 090 |
|
|
|c 5927
|d 5927
|
| 100 |
1 |
|
|a Rousseau, Jean-Jacques
|
| 245 |
1 |
0 |
|a Do contrato social. Princp̕ios do direito polt̕ico
|h [Recurso electrn̤ico] /
|c Jean-Jacques Rousseau
|
| 256 |
|
|
|a Servicio en ln̕ea
|
| 260 |
|
|
|a Brasil
|b Pillares
|c 2013
|
| 300 |
|
|
|a 1 recurso electrn̤ico
|
| 506 |
1 |
|
|a Contenido solo disponible en los productos indicados
|d vLex Global
|d vLex Global (Academic Edition, excluding Law Schools)
|d vLex Global (U.S. Academic Edition, Law Schools)
|d vLex Global (U.S. Academic Edition, excluding Law Schools)
|d vLex Global (Academic Edition, Law Schools)
|
| 650 |
0 |
4 |
|a Derecho constitucional
|z Brasil
|
| 740 |
0 |
|
|a vLex libros (servicio en ln̕ea)
|
| 856 |
4 |
0 |
|u http://vlex.com/source/do-contrato-social-principios-do-direito-politico-13112
|z Acceso restringido
|
| 942 |
|
|
|c BOOK
|
| 999 |
0 |
|
|a Constitutional law
|